000 00536nam a2200157 i 4500
001 63170
003 ES-MaACL
005 20230906164811.0
007 t|
008 031201m19351940sp ||||1| spa d
100 1 _aFerrandis Torres, José.
_950267
245 1 0 _aMarfiles árabes de Occidente /
_cJosé Ferrandis Torres.
260 _aMadrid :
_bCuerpo Facultativo de Archiveros Bibliotecarios y Arqueólogos,
_c1935-1940 (
_fImp. de Estanislao Maestre)
300 _a2 v., 107 lám. ;
_c25 cm.
852 _aES-MaACL
_jF-15268-69
_bR.18942
999 _c63170
_d63170